| 000 | 00618nam a2200217 a 4500 | ||
|---|---|---|---|
| 003 | OSt | ||
| 005 | 20151109102328.0 | ||
| 008 | 020226s1995 esp 000 1 spa d | ||
| 020 | _a84-239-7693-9 | ||
| 040 | _cBMC | ||
| 082 | _a823.9915 | ||
| 100 | 1 |
_aDoyle, Roddy _936967 |
|
| 245 | 1 | 0 |
_aPaddy Clarke, ja, ja, ja _cRoddy Doyle; traducción, Juan Antonio Molina Foix |
| 260 |
_aMadrid _bEspasa-Calpe _cD.L. 1995 |
||
| 300 |
_a247 p. _c23 cm |
||
| 490 | 0 | _aAustral. Narrativa | |
| 586 | _aPremio Booker | ||
| 650 | 2 | 4 |
_926310 _aNovela irlandesa |
| 700 | 1 |
_a Molina Foix, Juan Antonio _936968 |
|
| 942 |
_2ddc _cBK |
||
| 999 |
_c23228 _d23228 |
||